<?xml version="1.0" encoding="UTF-8"?>
<record
    xmlns:xsi="http://www.w3.org/2001/XMLSchema-instance"
    xsi:schemaLocation="http://www.loc.gov/MARC21/slim http://www.loc.gov/standards/marcxml/schema/MARC21slim.xsd"
    xmlns="http://www.loc.gov/MARC21/slim">

  <leader>00349    a2200109   4500</leader>
  <controlfield tag="001">ART_8362</controlfield>
  <controlfield tag="005">20260410161844.0</controlfield>
  <controlfield tag="008">260409a                                 </controlfield>
  <datafield tag="245" ind1="1" ind2="0">
    <subfield code="a">La educaci&#xF3;n: &#xBF;Una barrera al desarrollo econ&#xF3;mico?</subfield>
  </datafield>
  <datafield tag="100" ind1="1" ind2=" ">
    <subfield code="a">Barkin, David</subfield>
  </datafield>
  <datafield tag="773" ind1="0" ind2=" ">
    <subfield code="t">El trimestre econ&#xF3;mico</subfield>
    <subfield code="g">- Vol. XXXIII, N&#xBA; 152 (oct./dic. 1971)</subfield>
    <subfield code="w">REV6933</subfield>
  </datafield>
  <datafield tag="999" ind1=" " ind2=" ">
    <subfield code="c">24342</subfield>
    <subfield code="d">24342</subfield>
  </datafield>
</record>
